000 00461nam a2200181Ia 4500
001 22724
005 20260414150850.0
008 260414t2008||||xx |||||||||||||| ||spa||
041 _aESP
082 _a621.385
_bI59
100 _aFernández García, Carmelo (Coord.)
_eAUT
245 0 _aInstalaciones de telefonía :
_bprácticas
260 _c2008
300 _axi, 330 páginas :
_c24 cm.
650 _aTCA
654 _aCET
942 _cLIB
_dJUS
_fJUS
_2ddc
_n
999 _c22724
_d22724